| 000 | 00743nam a2200253 i 4500 | ||
|---|---|---|---|
| 001 | bg | ||
| 100 | 1 | _aMILIAN, Lech | |
| 245 | 1 | 0 |
_aPraca, osobowość, kierowanie : _bwybrane zagadnienia dla studiujących kierunek Zarządzanie / _cLech Milian ; Politechnika Częstochowska. |
| 260 |
_aCzęstochowa : _bWydaw. PC, _c2000. |
||
| 300 |
_a203 s. ; _c24 cm. |
||
| 504 | _aBibliogr. | ||
| 650 | 9 | _aOsobowość | |
| 650 | 9 | _aPraca | |
| 650 | 9 | _aZarządzanie | |
| 655 | _aPodręczniki akademickie | ||
| 710 | 0 | _aPolitechnika Częstochowska | |
| 020 | _a8371931034 | ||
| 040 | _cBPK | ||
| 041 | 0 | _apl | |
| 080 | _a331.1:159.923:65.012.4](075.8) | ||
| 920 | _a83-7193-103-4 | ||
| 942 | _cKS | ||
| 008 | s pl f |000 0 pol | ||
| 999 |
_c39538 _d39538 |
||
| 856 |
_uhttp://koha.tu.koszalin.pl/cgi-bin/koha/opac-detail.pl?biblionumber=39538 _yKatalog online BPK |
||